00403nam a22001097a 4500008004100000040005500041080002700096245008100123260006600204300001100270650001200281230616b |||||||| |||| 00| 0 eng d aNational Science LibrarycNational Science Library a621.7.04(082.2).11bM2 a2nd seminar of metal forming c/ Scientific Society of Mechanical Engineers  aBudapest: bScientific Society of Mechanical Engineers,c1982 a434p.  aMetals